Human embryology and developmental biology / Bruce M. Carlson, MD, PhD. (Record no. 21474)

000 -LEADER
fixed length control field 00586nam a22001697a 4500
020 ## - INTERNATIONAL STANDARD BOOK NUMBER
ISBN 9780323881685
082 ## - DEWEY DECIMAL CLASSIFICATION NUMBER
Classification number 612.64
Item number C1972 2024
100 ## - MAIN ENTRY--AUTHOR NAME
Personal name Carlson, Bruce M., author.
245 ## - TITLE STATEMENT
Title Human embryology and developmental biology / Bruce M. Carlson, MD, PhD.
250 ## - EDITION STATEMENT
Edition statement Seventh edition.
260 ## - PUBLICATION, DISTRIBUTION, ETC. (IMPRINT)
Place of publication Philadelphia, PA :
Name of publisher Elsevier,
Year of publication ©2024.
300 ## - PHYSICAL DESCRIPTION
Number of Pages xii, 512 pages :
Other physical details color illustrations ; 28 cm.
500 ## - GENERAL NOTE
General note Includes bibliographical references and index.
650 ## - SUBJECT ADDED ENTRY--TOPICAL TERM
Topical Term Embryonic development -- Psychology.
650 ## - SUBJECT ADDED ENTRY--TOPICAL TERM
Topical Term Fetal development -- Psychology.
942 ## - ADDED ENTRY ELEMENTS (KOHA)
Koha item type Books
Holdings
Source of acquisition Permanent Location Date acquired Koha item type Collection code Accession Number Lost status Shelving location Withdrawn status Current Location Full call number
SchoolCagayan State University - Carig Library2025-10-23BooksMedicineM002692 Medical Library Cagayan State University - Carig Library612.64 C1972 2024

Cagayan State University University Library, Carig Campus
Tuguegarao City, Cagayan 3500 | www.csucarig.edu.ph

Powered by Koha